000 00738nam0a22002291 4500
001 rc\36715
005 20021216124347.8
035 _a(NLR Aleph) 005320183
090 _a6479858
_c6479858
100 _a20021216d1994 u |0rusy50 ca
101 0 _arus
102 _aRU
105 _ay |||||||||
200 1 _aАдыги Северо-Западного Кавказа и кризис восточного вопроса в конце 20-х - начале 30-х гг. XIX века
210 _aМайкоп
_cМеоты
_d1994
215 _a325, [2] с.
_d20
700 1 _aБижев
_bА. Х.
_gАлий Хутажович
801 0 _aRU
_bNLR
_gpsbo
801 1 _aRU
_bELAR
_2rusmarc
852 _aNLR
_j94-3/5090
942 _cBOOK
980 _aNB